LEADER 01708nam a2200301 i 4500 001 000000173785 003 CaOOAMICUS 005 20080731000000.0 008 080731s2007 it u000 u ita u 013 $a151239 040 $aSeMil$bita 100 1 $aTamanini, Settimo.$0(OLS)http://semarc/name/64917 245 10$aRadici di luce :$bMastro 7, cinquant'anni di ricerca : Palazzo Roccabruna, 6-28 ottobre 2007 /$cProvincia autonoma di Trento, Assessorato alla Cultura ; progetto e allestimento [a cura di] Roberto Conte ; coordinamento [di] Piera Gasperi ; testo critico [di] Duccio Trombadori ; fotografie [di] Enrico Minasso. 260 $a[Trento] :$bProvincia Autonoma di Trento,$cstampa 2007. 300 $a82 p. :$briccamente ill. ;$c35 cm. 500 $aIn occhietto : Dedica autografa dell'Artista al Card. Tettamanzi. - Dono del Card. Dionigi Tettamanzi. 650 4$aTamanini, Settimo - Opere.$0(OLS)http://semarc/subject/33116 700 1 $aTrento : Assessorato alla Cultura.$0(OLS)http://semarc/name/64918 700 1 $aMinasso, Enrico.$0(OLS)http://semarc/name/64921 700 1 $aGasperi, Piera.$0(OLS)http://semarc/name/64920 700 1 $aTrombadori, Duccio.$0(OLS)http://semarc/name/56861 700 1 $aConte, Roberto.$0(OLS)http://semarc/name/64919 850 $aSeMil 852 $aSeMil$W1$xVenegono$y1$m5V X 9$j124630$B124630$CSeMilBibl$Z2$F135764 $8I 941 1 $a5 961 $aOmaggio: Tettamanzi Card. Dionigi 996 $6245$aRadici di luce :$bMastro 7, cinquant'anni di ricerca : Palazzo Roccabruna, 6-28 ottobre 2007$9(OLS)http://semarc/title/249027 996 $6260$a[Trento] :$bProvincia Autonoma di Trento$9(OLS)http://semarc/publisher/44144 LEADER 01166nam a2200253 4500 001 000000353990 003 CaOOAMICUS 005 20230530162144.0 008 230526s2022 it 000 u ita r 020 $a978-88-7198-792-7 040 $aSeMil$bita 100 1 $aMarchesini, Roberto,$d<1971- >.$0(OLS)http://semarc/name/109538 245 13$aLa vita è un bicchiere :$bdiscorsi sulla vita, il lavoro e il buon bere /$cRoberto Marchesini ; invito alla lettura di don Pietro Cesena. 264 1$aMilano :$bSugarco,$c2022. 300 $a112 p. ;$c20 cm 650 4$aVita cristiana - Meditazioni.$0(OLS)http://semarc/subject/1353 700 1 $aCesena, Pietro$b.$0(OLS)http://semarc/name/117650 850 $aSeMil 852 $aSeMil$W1$xVenegono$y1$m2O II 82$j242475$B245204$CSeMilBibl$Z2$F245204 $81 961 $aBrambilla don Paolo - Omaggio 996 $6020$a978-88-7198-792-7$9(OLS)http://semarc/number/298258 996 $6245$aLa vita è un bicchiere :$bdiscorsi sulla vita, il lavoro e il buon bere$9(OLS)http://semarc/title/444128 996 $6264$aMilano :$bSugarco$9(OLS)http://semarc/publisher/51731